000 00337nam a2200133Ia 4500
008 240624s9999 xx 000 0 und d
041 _aeng
082 _a338.7 COL
100 _aCOLL STEVE
245 _aPRIVATE EMPIRE EXXONMOBIL AND AMERICAN P
260 _c2013
_aNew York
_bPenguin Books
300 _a685 p.; 23 cm.
365 _c
_b38
999 _c30618
_d30618